Ιστορία της νεοελληνικής λογοτεχνίας
Αποθηκεύτηκε σε:
| Κύριος συγγραφέας: | |
|---|---|
| Μορφή: | Βιβλίο |
| Γλώσσα: | Greek |
| Δημοσίευση: |
Αθήνα :
Μορφωτικό 'Ιδρυμα Εθνικής Τραπέζης,
1979.
|
| Έκδοση: | 2η έκδ. |
| Θέματα: | |
| Ετικέτες: |
Προσθήκη ετικέτας
Δεν υπάρχουν, Καταχωρήστε ετικέτα πρώτοι!
|
MARC
| LEADER | 00000cam a2200000 a 4500 | ||
|---|---|---|---|
| 001 | 1/108997 | ||
| 008 | 150930s1979####gr | ||| |||| ||gre|| | ||
| 040 | |a GR-MyUa |b gre |c GR-MyUa |e AACR2 | ||
| 041 | 0 | |a gre | |
| 082 | 7 | |a 889.09 |2 (23) | |
| 100 | 1 | |a Πολίτης, Λίνος, |d 1906-1982. | |
| 245 | 1 | 0 | |a Ιστορία της νεοελληνικής λογοτεχνίας / |c Λίνου Πολίτη. |
| 250 | |a 2η έκδ. | ||
| 260 | |a Αθήνα : |b Μορφωτικό 'Ιδρυμα Εθνικής Τραπέζης, |c 1979. | ||
| 300 | |a ις, 442 σ. ; |c 21 εκ. | ||
| 504 | |a Βιβλιογραφία: σ. 391-415. Ευρετήριο. | ||
| 650 | 0 | |a Greek literature, Modern |x History and criticism. | |
| 852 | |a INST |b LEMNOS |e 20150930 |h 889.09 ΠΟΛ |p 005600001360 |q 005600001360 |t BK |y 0 | ||
| 970 | |a Μοσχόβη |b Ευαγγελία |z 30-09-2015 | ||